MESTSKÁ KNIŽNICA GIRALTOVCE  - online katalóg 

Profily úspešných osobností. Slovensko 1997 (Record no. 19879)

000 -NÁVESTIE
fixed length control field 00737nam a2200241 a 4500
008 - ÚDAJE S PEVNOU DĹŽKOU – VŠEOBECNÉ INFORMÁCIE
fixed length control field 970527s1997 m yxo a rc 0 slo c
020 ## - MEDZINÁRODNÉ ŠTANDARDNÉ ČÍSLO KNIHY (ISBN)
Medzinárodné štandardné číslo knihy (ISBN) 8096767801
Údaje o dostupnosti 100
040 ## - ZDROJ KATALOGIZÁCIE
Pôvodná katalogizujúca agentúra SNK
Jazyk katalogizácie slo
Prepisujúca agentúra SNK
Konvencie popisu AACR2
041 1# - KÓD JAZYKA
Kód jazyka textu/zvukovej stopy alebo samostatných nápisov slo
044 ## - KÓD KRAJINY VYDAVATEĽA/PRODUCENTA
Kód krajiny MARC xo
Kód krajiny ISO SK
080 ## - ČÍSLO MEDZINÁRODNÉHO DESATINNÉHO TRIEDENIA (MDT)
Číslo Medzinárodného desatinného triedenia (MDT) 65.01:929
080 ## - ČÍSLO MEDZINÁRODNÉHO DESATINNÉHO TRIEDENIA (MDT)
Číslo Medzinárodného desatinného triedenia (MDT) 929
245 10 - NÁZOV
Názov Profily úspešných osobností. Slovensko 1997
Číslo časti diela 1. diel
260 ## - VYDAVATEĽSKÉ ÚDAJE, DISTRIBÚCIA ATĎ.
Miesto publikovania, distribúcie atď. Košice
Názov vydavateľa, distibútora atď. Donatus
Dátum publikovania, distribúcie atď. 1997
300 ## - FYZICKÝ POPIS
Rozsah 174 s.
Ďalšie fyzické detaily fotogr.
Rozmery 30 cm
490 1# - EDÍCIA
Edícia Profily / Donatus
Zväzok/sekvenčné označenie 1
500 ## - VŠEOBECNÁ POZNÁMKA
Formátovaná poznámka o obsahu Fotogr. na tit. strane
504 ## -
-- Res. angl. a nem.
650 07 - PRIDANÝ VSTUP – PREDMET – TEMATICKÉ HESLO
Tematické heslo alebo geografický názov ako vstupný prvok manažment
Všeobecný pododdiel osobnosti významné
Geografický pododdiel Slovensko
Všeobecný pododdiel profily
Zdroj hesla alebo termínu SNK
650 07 - PRIDANÝ VSTUP – PREDMET – TEMATICKÉ HESLO
Tematické heslo alebo geografický názov ako vstupný prvok osobnosti významné
Geografický pododdiel Slovensko
Všeobecný pododdiel profily
Zdroj hesla alebo termínu SNK
760 1# -
-- Profily
-- Donatus (Košice, Slovensko)
958 ## - Formálny deskriptor
Formálny deskriptor AAU
Holdings
Stav stiahnutia (Blokovanie) (Withrawn status) Stav straty Stav poškodenia (Damaged status) Nie pre výpožičky (Not for loan) Spôsob nadobudnutia (Collection code) Trvalé umiestnenie Aktuálne umiestnenie Dátum nadobudnutia Náklady, bežná kúpna cena Inventárne číslo (prírastkové číslo) Full call number Dátum posledného výskytu Cena s účinnosťou od Typ jednotky Koha
        Kúpa Mestská knižnica Giraltovce Mestská knižnica Giraltovce 2019-11-29 100.00 18 365 I 1564 2019-11-29 2019-11-29 Odborná literatúra pre dospelých

Powered by Koha